The Ultimate Dude Perfect Quiz - Statistics

General Stats
  • This quiz has been taken 156 times
  • The average score is 18 of 25
Answer Stats
Question Answer % Correct
Coby
100%
The Five Members (First Name Only) Tyler
100%
Cody
99%
Cory
99%
Garrett
99%
The Five main video "series" they do (what type of videos do they do)? Overtime
97%
Trick Shots
90%
Stereotypes
89%
What's the DP mascot? A Panda
87%
Ty has a reputation for being a ____ _______ in stereotype videos. Rage Monster
84%
What's the Twin's last name? Cotton
83%
"Pound It, ______!" Noggin
83%
Beard
82%
Their nicknames Tall Guy
81%
Twins
80%
On Get Crafty, who's the judge? Sparky
75%
Battle
74%
Who's the host of Wheel Unfortunate (don't say Ty)? Ned Forrester
73%
All the Dudes met at this college in Texas. Texas A&M
53%
Bucket List
47%
Where's DP HQ (City, State) Frisco, Texas
47%
They also featured this first lady in an older video that was ranked 6th worst by Ty Barbara Bush
33%
The above's mascot. Aggie
26%
Purple Hooser
17%
Among other celebrities they've had on the show, this football player may be the most famous. Rob Gronkowski
10%
No matching quizzes found
Score Distribution
Percent of People with Each Score
Percentile by Number Answered
Your Score History
You have not taken this quiz